ARRUPE JESUIT UNIVERSITY

CORONAVIRUS -STOP THE SPREAD - CLEAN,DISINFECT,COVER

Confronting Leviathan : (Record no. 131391)

MARC details
000 -LEADER
fixed length control field 01326cam a2200337 a 4500
001 - CONTROL NUMBER
control field 4946883
003 - CONTROL NUMBER IDENTIFIER
control field ARRUPE
005 - DATE AND TIME OF LATEST TRANSACTION
control field 20220510093239.0
008 - FIXED-LENGTH DATA ELEMENTS--GENERAL INFORMATION
fixed length control field 961204s1997 ohub b s001 0 eng
010 ## - LIBRARY OF CONGRESS CONTROL NUMBER
LC control number 96051952
020 ## - INTERNATIONAL STANDARD BOOK NUMBER
International Standard Book Number 082141190X (cloth : alk. paper)
020 ## - INTERNATIONAL STANDARD BOOK NUMBER
International Standard Book Number 0821411918 (pbk. : alk. paper)
040 ## - CATALOGING SOURCE
Original cataloging agency DLC
Transcribing agency DLC
Modifying agency DLC
043 ## - GEOGRAPHIC AREA CODE
Geographic area code f-mz---
050 00 - LIBRARY OF CONGRESS CALL NUMBER
Classification number DT3389
Item number .H35 1997
082 00 - DEWEY DECIMAL CLASSIFICATION NUMBER
Classification number 968.905
Edition number 21
300 ## - PHYSICAL DESCRIPTION
Other physical details col. maps ;
Dimensions 23 cm.
100 1# - MAIN ENTRY--PERSONAL NAME
Personal name Hall, Margaret,
Dates associated with a name 1948-
9 (RLIN) 51511
245 10 - TITLE STATEMENT
Title Confronting Leviathan :
Remainder of title Mozambique since independence /
Statement of responsibility, etc Margaret Hall, Tom Young.
246 30 - VARYING FORM OF TITLE
Title proper/short title Mozambique since independence
260 ## - PUBLICATION, DISTRIBUTION, ETC. (IMPRINT)
Place of publication, distribution, etc London :
Name of publisher, distributor, etc Hurst and Company,
Date of publication, distribution, etc c1997.
300 ## - PHYSICAL DESCRIPTION
Extent x, 262 p. :
504 ## - BIBLIOGRAPHY, ETC. NOTE
Bibliography, etc Includes bibliographical references (p. 235-252) and index.
650 #0 - SUBJECT ADDED ENTRY--TOPICAL TERM
Topical term or geographic name as entry element Socialism
Geographic subdivision Mozambique
General subdivision History
Chronological subdivision 20th century.
9 (RLIN) 51512
651 #0 - SUBJECT ADDED ENTRY--GEOGRAPHIC NAME
Geographic name Mozambique
General subdivision Politics and government
Chronological subdivision 1975-1994.
9 (RLIN) 13119
651 #0 - SUBJECT ADDED ENTRY--GEOGRAPHIC NAME
Geographic name Mozambique
General subdivision Politics and government
Chronological subdivision 1994-
9 (RLIN) 51513
700 1# - ADDED ENTRY--PERSONAL NAME
Personal name Young, Tom.
9 (RLIN) 51514
856 42 - ELECTRONIC LOCATION AND ACCESS
Materials specified Book review (H-Net)
Uniform Resource Identifier <a href="http://www.h-net.org/review/hrev-a0a0o7-aa">http://www.h-net.org/review/hrev-a0a0o7-aa</a>
906 ## - LOCAL DATA ELEMENT F, LDF (RLIN)
a 7
b cbc
c orignew
d 1
e ocip
f 19
g y-gencatlg
942 ## - ADDED ENTRY ELEMENTS (KOHA)
Source of classification or shelving scheme Library of Congress Classification
Koha item type Monograph ( Printed materials)
Holdings
Withdrawn status Lost status Source of classification or shelving scheme Damaged status Not for loan Collection code Home library Current library Shelving location Date acquired Total Checkouts Full call number Barcode Date last seen Price effective from Koha item type
    Library of Congress Classification     Main Collection ARRUPE LIBRARY ARRUPE LIBRARY Main Collection 10/05/2022   DT3389 .H35 1997 46600008458 10/05/2022 10/05/2022 Monograph ( Printed materials)

 

Arrupe Library. PO Box MP320 Mt Pleasant, Harare, Zimbabwe
263 242 745411|librarian@aju.ac.zw